Natural and artificial low-level seeing systems : (Record no. 145051)
[ view plain ]
| 000 -LEADER | |
|---|---|
| fixed length control field | 01088nam a2200277 a 4500 |
| 008 - FIXED-LENGTH DATA ELEMENTS--GENERAL INFORMATION | |
| fixed length control field | |
| 020 ## - INTERNATIONAL STANDARD BOOK NUMBER | |
| International Standard Book Number | 0198522894 |
| 049 ## - LOCAL HOLDINGS (OCLC) | |
| Holding library | MAIN |
| 090 ## - LOCALLY ASSIGNED LC-TYPE CALL NUMBER (OCLC); LOCAL CALL NUMBER (RLIN) | |
| Classification number (OCLC) (R) ; Classification number, CALL (RLIN) (NR) | QP475 |
| 003 - CONTROL NUMBER IDENTIFIER | |
| control field | |
| 005 - DATE AND TIME OF LATEST TRANSACTION | |
| control field | 20230123133231.0 |
| 040 ## - CATALOGING SOURCE | |
| Transcribing agency | NUST |
| 110 2# - MAIN ENTRY--CORPORATE NAME | |
| Corporate name or jurisdiction name as entry element | Royal Society (Great Britain). |
| Subordinate unit | Discussion Meeting |
| Date of meeting or treaty signing | (1992 : |
| Location of meeting | London, England) |
| 245 10 - TITLE STATEMENT | |
| Title | Natural and artificial low-level seeing systems : |
| Remainder of title | proceedings of a Royal Society Discussion Meeting held on 25 and 26 March 1992 / |
| Statement of responsibility, etc. | organized and edited by H. B. Barlow ... [et al.]. |
| 260 ## - PUBLICATION, DISTRIBUTION, ETC. | |
| Place of publication, distribution, etc. | Oxford : |
| Name of publisher, distributor, etc. | Royal Society : |
| -- | Clarendon Press ; |
| Place of publication, distribution, etc. | Oxford ; |
| -- | New York : |
| Name of publisher, distributor, etc. | Oxford University Press, |
| Date of publication, distribution, etc. | 1993. |
| 300 ## - PHYSICAL DESCRIPTION | |
| Extent | vi, 130 p. : |
| Other physical details | ill. ; |
| Dimensions | 31 cm. |
| 504 ## - BIBLIOGRAPHY, ETC. NOTE | |
| Bibliography, etc. note | Includes bibliographies and index. |
| 650 #0 - SUBJECT ADDED ENTRY--TOPICAL TERM | |
| Topical term or geographic name entry element | Computer vision. |
| 650 #0 - SUBJECT ADDED ENTRY--TOPICAL TERM | |
| Topical term or geographic name entry element | Vision |
| General subdivision | Computer Simulation. |
| 650 #0 - SUBJECT ADDED ENTRY--TOPICAL TERM | |
| Topical term or geographic name entry element | Eye |
| General subdivision | Movements |
| -- | Computer Simulation. |
| 650 #0 - SUBJECT ADDED ENTRY--TOPICAL TERM | |
| Topical term or geographic name entry element | Eye-hand coordination--Computer Simulation. |
| 653 0# - INDEX TERM--UNCONTROLLED | |
| Uncontrolled term | Image processing |
| 700 1# - ADDED ENTRY--PERSONAL NAME | |
| Personal name | Barlow, H.B. |
| 907 ## - LOCAL DATA ELEMENT G, LDG (RLIN) | |
| a | .b10055010 |
| b | 11-09-12 |
| c | 17-04-03 |
| 942 ## - ADDED ENTRY ELEMENTS (KOHA) | |
| Koha item type | Ordinary Loan Books |
| Call number prefix | QP475 |
| Date last seen | Total Checkouts | Full call number | Barcode | Cost, replacement price | Price effective from | Koha item type | Lost status | Source of classification or shelving scheme | Damaged status | Not for loan | Collection | Withdrawn status | Home library | Current library | Shelving location | Date acquired | Cost, normal purchase price |
|---|---|---|---|---|---|---|---|---|---|---|---|---|---|---|---|---|---|
| 01/23/2023 | QP475 ROY | 92003006830 | 80.00 | 01/23/2023 | BOOKS | LCC | NFIC | MAIN | MAIN | GEN | 01/23/2023 | 80.00 |